000 00790nam a2200265 i 4500
001 C2-0231848
003 PPAK
005 20180728085019.0
008 001205s2000 my |||| ||||| | may d
020 _a9839315374
040 _aPPAK
_beng
_cPPAK
_erda
082 0 4 _a158
_223
090 0 0 _a158
_bHIL
_dG
100 1 _aHill, Napoleon,
_eauthor
245 1 0 _aAnda boleh menghasilkan keajaiban sendiri :
_bbagaimana melazimkan diri untuk kejayaan
264 1 _aBatu Caves, Selangor :
_bAlbaz Publishing & Distribution ,
_c2000
300 _avi, 153 pages ;
_c23 cm
336 _2rdacontent
_atext
337 _2rdamedia
_aunmediated
338 _2rdacarrier
_avolume
490 1 _aSiri membina keyakinan
650 1 0 _aSuccess
830 0 _aSiri membina keyakinan
942 _ddc
_cB
999 _c151184
_d151184